000 00478nam a2200181Ia 4500
008 170705s9999 xx 000 0 und d
020 _a9780590453165
245 _aKing of the wind :
245 _bthe story of the Godolphin Arabian /
245 _cMarguerite Henry ; illustrations by Wesley Dennis.
260 _aNew York :
260 _bScholastic,
260 _c1948
300 _a192 pages :
300 _bcolor illustration ;
300 _c19cm.
500 _a830
999 _c336399
_d336399